00505nam a22001457a 450000500170000000800410001702000290005804100130008708200130010010000410011324500970015426000570025130000260030865000250033420240119101126.0240119b |||||||| |||| 00| 0 eng d a0409003301 ; 0409003786  aEnglish  a349 JOU  aJoubert, WA and Scott, TJ lEnglish  aThe Law of South Africa : Sale and Consumer Credit to Seduction / cWA Joubert and TJ Scott  aDurban : bButterworth Publishers (Pty) Ltd, c1986  b478 pages ; c26 cm.  aLegal practice bLaw